Philippines Country Quiz - Statistics

General Stats
  • This quiz has been taken 3,575 times
  • The average score is 11 of 16
Answer Stats
Hint Answer % Correct
Capital Manila
99%
Island groups Luzon
89%
Official languages Filipino
88%
Mindanao
88%
National hero Jose Rizal
87%
Hero who slew Magellan Lapu-Lapu
87%
Visayas
86%
English
83%
Most popular sport Basketball
82%
Duck's egg streetfood Balut
80%
Smallest political unit Barangay
61%
Number of islands 7,107
60%
Tallest peak Mt. Apo
51%
City called "Land of Promise" Davao City
40%
Longest river Cagayan River
39%
World-famous dive site Tubbataha Reef
19%
No matching quizzes found
Score Distribution
Percent of People with Each Score
Percentile by Number Answered
Your Score History
You have not taken this quiz